| 000 | 00800nam a22002777a 4500 | ||
|---|---|---|---|
| 003 | CHAP | ||
| 005 | 20220329134550.0 | ||
| 008 | 971013s1953 r 00010 d | ||
| 010 | _a22297 | ||
| 011 | _a23269 | ||
| 035 | _a27365 | ||
| 040 | _cCHAP | ||
| 082 |
_a517.36 _bB6 |
||
| 100 | 0 | 0 |
_aBowman, F. _914840 |
| 245 | _aIntroduction to elliptic functions, with applications | ||
| 260 |
_aNew York : _bWiley, _c1953 |
||
| 300 | _a115 p. | ||
| 590 |
_aBATCH-UPD _b10 _c20130110 _lUCH01 _h2226 |
||
| 590 |
_aBATCH-UPD _b10 _c20130410 _lUCH01 _h1522 |
||
| 590 |
_aBATCH-UPD _b10 _c20130914 _lUCH01 _h1450 |
||
| 590 |
_aCONVERSION _b10 _c20130109 _lUCH01 _h1313 |
||
| 650 | 1 | 4 |
_aFunciones elĂpticas. _943961 |
| 901 | _aBK | ||
| 942 | _cLIBRO | ||
| 949 |
_a517.36 B6 _bBC _cBPA _d-63517 _eBPA _h27836 _i27365 _si |
||
| 999 |
_c22297 _d22297 |
||